00833nam a22002537a 45000010005000000030006000050050017000110080041000280200015000690400029000840500013001130820015001261000021001412450053001622500046002152600038002613000045002995050008003445200126003525210021004785210020004996500028005197000032005474903FISKH20241023124415.0241023b cb ||||| |||| 00| 0 eng d a0590464744 aFISKHbengcFISKHdFISKH aHQ792.U5 a305.230978 aFreeman, Russell aChildren of the Wild West /cby Russell Freedman aFirst Scholastic printing, September 1992 aNew York : bScholastic ;c1983 . a104 pages : billustrations ; c24 cm .  aZ  aHistorical photographs with explanatory text present a picture of life in the American West from 1840 to the early 1900s.8 a1010 bLexile 8 aZ bRaz-Plus  aUS historyvnon-fiction aBuctel, GeorgeeIllustrator